000 00615nam a2200157Ia 4500
008 100122s9999 xx 000 0 und d
082 _b66930
_a181.4
100 _aभोसले राजन
245 _aओशो विचारदर्शन (भोसले/कुंटे)
260 _bमनोविकास प्रकाशन
_c2004
300 _a239
630 _aओशो विचारदर्शन (भोसले/कुंटे)
700 _aकुंटे माधवी
730 _aओशो विचारदर्शन (भोसले/कुंटे)
942 _cBOOK
999 _c439276
_d439273